Estatísticas para Discografia de Yun Li

Clique aqui para jogar o quiz

Estatísticas Gerais

  • Esse quiz foi jogado 14 vezes
  • A pontuação média é 7 de 10

Estatísticas das Respostas

HintResposta% Correto
2022Validation
100%
2023Bittersweet Memories
89%
2022Cybertapes
89%
2020Quarentapes
89%
2020Sono Tapes
78%
2020Sono Tapes II
78%
2020Trashtalk
78%
2021Break Up Album
67%
2018Segura Esse Moleque
44%
2017Garotão
11%

Distribuição das Pontuações

Percentil de Números Respondidos

Porcentagem de Pessoas com Cada Pontuação

Sua Pontuação Histórica

Você não jogou esse quiz